[Event "Maia op 7th"]
[Site "Maia"]
[Date "2023.08.29"]
[Round "5"]
[White "Veiga, Jose Francisco RP"]
[Black "Sismeiro, Miguel"]
[Result "1/2-1/2"]
[WhiteElo "2389"]
[BlackElo "2265"]
[PlyCount "117"]
[EventDate "2023.08.25"]
[EventType "swiss"]
[EventRounds "9"]
[EventCountry "POR"]
[SourceTitle "EXT 2024"]
[Source "ChessBase"]
[SourceDate "2023.10.10"]
[SourceVersion "1"]
[SourceVersionDate "2023.10.10"]
[SourceQuality "1"]

1. e4 c5 2. Nf3 e6 3. Nc3 Nc6 4. Bb5 Nd4 5. Bc4 a6 6. Nxd4 cxd4 7. Ne2 Bc5 8. c3 dxc3 9. bxc3 d5 10. exd5 exd5 11. Bb3 Nf6 12. d4 Bd6 13. Bf4 0-0 14. 0-0 Bf5 15. Re1 Re8 16. Bxd6 Qxd6 17. f3 Re7 18. Qd2 Rae8 19. Ng3 Bg6 20. Rxe7 Rxe7 21. Re1 Kf8 22. Kf2 h6 23. Rxe7 Kxe7 24. Qe3+ Kd7 25. Qe5 Qc7 26. Qe3 Bb1 27. h3 Kd8 28. Ne2 Qa5 29. Qe5 Bxa2 30. Qb8+ Ke7 31. Qxb7+ Kf8 32. Qb8+ Ne8 33. Ke3 Bxb3 34. Qxb3 Nc7 35. Nf4 Ke7 36. Nd3 g6 37. Ne5 Kf6 38. Kf2 Kg7 39. h4 h5 40. g4 f6 41. Nd3 hxg4 42. fxg4 Qb5 43. Qc2 Qd7 44. Kg3 Ne6 45. Kf3 Qc7 46. Qb3 Qh2 47. Qb7+ Kh6 48. Nf2 Qc7 49. Qxc7 Nxc7 50. Nd3 Nb5 51. Nb4 Nxc3 52. Nxa6 Nb5 53. Ke3 f5 54. gxf5 gxf5 55. Nb4 Kh5 56. Nxd5 Nxd4 57. Kxd4 Kxh4 58. Kc5 f4 59. Nxf4 1/2-1/2

[Event "Huelva"]
[Site "Huelva"]
[Date "2023.07.19"]
[Round "6"]
[White "Rasti, Arvin"]
[Black "Sismeiro, Miguel"]
[Result "0-1"]
[WhiteElo "2324"]
[BlackElo "2309"]
[PlyCount "98"]
[EventDate "2023.07.17"]
[EventType "tourn"]
[EventRounds "9"]
[EventCountry "ESP"]
[EventCategory "4"]
[SourceTitle "CBM 215 Extra"]
[Source "ChessBase"]
[SourceDate "2023.09.30"]
[SourceVersion "1"]
[SourceVersionDate "2023.09.30"]
[SourceQuality "1"]

1. Nf3 Nf6 2. g3 g6 3. b3 Bg7 4. Bb2 0-0 5. Bg2 d6 6. d4 e5 7. dxe5 Nfd7 8. 0-0 Nc6 9. Qd2 dxe5 10. Rd1 Re8 11. e4 Nc5 12. Qxd8 Nxd8 13. Nxe5 Nc6 14. Nc4 Nxe4 15. Bxg7 Kxg7 16. Bxe4 Rxe4 17. Nc3 Re7 18. Nd5 Rd7 19. f4 b6 20. f5 f6 21. Nce3 g5 22. h4 h6 23. hxg5 hxg5 24. Nc3 Nd4 25. Kf2 Bb7 26. Rd2 Rh8 27. Ng4 Rd6 28. Re1 Kf7 29. Red1 Rhd8 30. Rd3 Ba6 31. Ne4 Bxd3 32. Nxd6+ Rxd6 33. Rxd3 Nxf5 34. Rf3 Kg6 35. a4 Rd2+ 36. Kg1 c5 37. a5 bxa5 38. Rc3 Rd5 39. Nf2 Nd6 40. Nd3 Ne4 41. Rc4 Rd4 42. Nb2 Kf5 43. Rxd4 cxd4 44. Nc4 Nxg3 45. Nxa5 Ke4 46. Nc6 Kd5 47. Nxa7 Kc5 48. Kg2 Ne4 49. Kf3 Nd6 0-1

[Event "Huelva"]
[Site "Huelva"]
[Date "2023.07.18"]
[Round "4"]
[White "Lin, Ying Rui"]
[Black "Sismeiro, Miguel"]
[Result "1-0"]
[WhiteElo "2389"]
[BlackElo "2309"]
[PlyCount "263"]
[EventDate "2023.07.17"]
[EventType "tourn"]
[EventRounds "9"]
[EventCountry "ESP"]
[EventCategory "4"]
[SourceTitle "CBM 215 Extra"]
[Source "ChessBase"]
[SourceDate "2023.09.30"]
[SourceVersion "1"]
[SourceVersionDate "2023.09.30"]
[SourceQuality "1"]

1. Nf3 Nf6 2. g3 g6 3. d4 Bg7 4. Bg2 d5 5. c4 c6 6. b3 0-0 7. 0-0 a5 8. Nc3 Bf5 9. Bb2 Nbd7 10. Re1 Ne4 11. Nh4 Ndf6 12. Nxe4 Nxe4 13. f3 Nf6 14. e4 dxe4 15. fxe4 Bg4 16. Qd3 e5 17. h3 Bc8 18. d5 Re8 19. Rad1 Qd6 20. Qe3 c5 21. Rf1 b6 22. a4 Ra7 23. Bc1 Rf8 24. Rf2 Ne8 25. g4 f6 26. Qg3 Raf7 27. Bf1 Qc7 28. Bd3 Nd6 29. Rdf1 Qe7 30. Bc2 Qd8 31. Nf3 Re8 32. h4 Qd7 33. Rg2 h6 34. g5 fxg5 35. hxg5 h5 36. Bb2 Qe7 37. Rgf2 Bg4 38. Bc3 Kh7 39. Bd3 Bh8 40. Bb1 Bg7 41. Bc2 Bh8 42. Nh2 Bd7 43. Rxf7+ Nxf7 44. Bd2 Rf8 45. Bd1 Nd6 46. Bf3 Rf7 47. Bg2 Bg7 48. Rf2 Kg8 49. Kf1 Rxf2+ 50. Kxf2 Nf7 51. Ke2 Kh7 52. Kd3 Kg8 53. Nf3 Bg4 54. Nh4 Kh7 55. Bf3 Qd7 56. Bxg4 Qxg4 57. Qxg4 hxg4 58. Ng2 Kg8 59. Ne3 Nxg5 60. Nxg4 Nf7 61. Be1 Kf8 62. Bh4 Ke8 63. Ke3 Kd7 64. Kf3 Kd6 65. Nf2 Kd7 66. Nh3 Bh6 67. Kg4 Nd6 68. Kf3 Nf7 69. Ke2 Bc1 70. Ng1 Bg5 71. Be1 Bf6 72. Nf3 Ke7 73. Bg3 Kd7 74. Ke3 Ke7 75. Kd3 Kd7 76. Nd2 Bg5 77. Nb1 Ke7 78. Na3 Kd7 79. Nb5 Bf6 80. Ke3 Bd8 81. Be1 Bg5+ 82. Kf3 Bf6 83. Kg4 Nh6+ 84. Kg3 Bg5 85. Kf3 Bf6 86. Bd2 Nf7 87. Kg4 Bd8 88. Be3 Be7 89. Nc3 Bf6 90. Bf2 Nh6+ 91. Kh3 Nf7 92. Bh4 Bg7 93. Kg4 Bh6 94. Bf6 Be3 95. d6 Kxd6 96. Nd5 Bd2 97. Nxb6 Ke6 98. Nd5 Nd6 99. Kf3 g5 100. Be7 g4+ 101. Kxg4 Nxe4 102. Kf3 Nd6 103. Bxd6 Kxd6 104. Ke4 Ke6 105. Nc7+ Kd7 106. Nb5 Ke6 107. Na3 Bb4 108. Nc2 Bd2 109. Na3 Bb4 110. Nb5 Bd2 111. Nc7+ Kd7 112. Nd5 Ke6 113. Nc7+ Kd7 114. Nd5 Ke6 115. Kd3 Bg5 116. Nc3 Kf5 117. Ne4 Be7 118. Ke3 Bf8 119. Kf3 Be7 120. Ng3+ Ke6 121. Ke4 Bg5 122. Kf3 Be7 123. Kg4 Bd8 124. Nf5 Bc7 125. Ng7+ Kf7 126. Nf5 Ke6 127. Ng3 Bd8 128. Kf3 Bg5 129. Ne4 Be7 130. Kg4 Bf8 131. Ng5+ Kd6 132. Kf5 1-0

[Event "Huelva"]
[Site "Huelva"]
[Date "2023.07.18"]
[Round "3"]
[White "Sismeiro, Miguel"]
[Black "Barrero Garcia, Carlos"]
[Result "1/2-1/2"]
[WhiteElo "2309"]
[BlackElo "2305"]
[PlyCount "43"]
[EventDate "2023.07.17"]
[EventType "tourn"]
[EventRounds "9"]
[EventCountry "ESP"]
[EventCategory "4"]
[SourceTitle "CBM 215 Extra"]
[Source "ChessBase"]
[SourceDate "2023.09.30"]
[SourceVersion "1"]
[SourceVersionDate "2023.09.30"]
[SourceQuality "1"]

1. d4 Nf6 2. Nf3 g6 3. Nc3 d5 4. Bf4 Bg7 5. e3 Bg4 6. Be2 Bxf3 7. Bxf3 c6 8. 0-0 0-0 9. Re1 Nbd7 10. e4 dxe4 11. Nxe4 Nxe4 12. Rxe4 Nf6 13. Re2 Nd5 14. Bg3 e6 15. c3 h5 16. h3 h4 17. Bh2 Bh6 18. Qb3 Qb6 19. Re4 Nf6 20. Re2 Nd5 21. Re4 Nf6 22. Re2 1/2-1/2

[Event "Lisbon Portugal rapid op"]
[Site "Lisbon"]
[Date "2022.09.04"]
[Round "11"]
[White "Pein, Malcolm"]
[Black "Sismeiro, Miguel"]
[Result "0-1"]
[WhiteElo "2304"]
[BlackElo "2280"]
[PlyCount "76"]
[EventDate "2022.09.03"]
[EventType "swiss (rapid)"]
[EventRounds "11"]
[EventCountry "POR"]
[SourceTitle "CBM 210 Extra"]
[Source "ChessBase"]
[SourceDate "2022.11.30"]
[SourceVersion "1"]
[SourceVersionDate "2022.11.30"]
[SourceQuality "1"]

1. d4 Nf6 2. c4 g6 3. Nc3 d5 4. cxd5 Nxd5 5. e4 Nxc3 6. bxc3 Bg7 7. Bc4 0-0 8. Ne2 Nc6 9. Be3 b6 10. h4 e5 11. h5 exd4 12. cxd4 Na5 13. Bd3 c5 14. hxg6 hxg6 15. d5 Nb7 16. Rc1 Nd6 17. Qd2 Qe7 18. Bh6 f5 19. Bxg7 Qxg7 20. exf5 Bxf5 21. 0-0 Rae8 22. Bxf5 Rxf5 23. Ng3 Rf7 24. Rfe1 Rfe7 25. Rxe7 Qxe7 26. Qh6 Qg7 27. Qf4 Qe5 28. Qg4 Kg7 29. Nf1 Qf5 30. Qg3 Qe5 31. Qd3 Rh8 32. Qd2 Ne4 33. Qe3 Qh5 34. Ng3 Qh2+ 35. Kf1 Nxg3+ 36. fxg3 Rf8+ 37. Ke1 Qh1+ 38. Kd2 Qxg2+ 0-1

[Event "POR-chT"]
[Site "Ovar"]
[Date "2022.07.19"]
[Round "6.1"]
[White "Turner, Matthew"]
[Black "Sismeiro, Miguel"]
[Result "1-0"]
[WhiteElo "2469"]
[BlackElo "2162"]
[PlyCount "139"]
[EventDate "2022.07.16"]
[EventType "team-tourn"]
[EventRounds "9"]
[EventCountry "POR"]
[SourceTitle "CBM 209 Extra"]
[Source "ChessBase"]
[SourceDate "2022.09.30"]
[SourceVersion "1"]
[SourceVersionDate "2022.09.30"]
[SourceQuality "1"]
[WhiteTeam "Montemor o Velho"]
[BlackTeam "Porto Colegio Efanor"]
[WhiteTeamCountry "POR"]
[BlackTeamCountry "POR"]

1. d4 Nf6 2. c4 g6 3. Nc3 d5 4. Bf4 Bg7 5. e3 0-0 6. Rc1 Be6 7. Qb3 b6 8. Nf3 Nc6 9. Qa4 Na5 10. cxd5 Nxd5 11. Nxd5 Qxd5 12. b4 Bd7 13. Qa3 Nc6 14. Bc4 Qh5 15. Be2 Qd5 16. 0-0 a5 17. b5 Nb4 18. Bc4 Qf5 19. Ne5 Bxe5 20. Bxe5 c6 21. bxc6 Bxc6 22. f3 Qd7 23. e4 Bb5 24. Qb3 Rac8 25. Bxb5 Qxb5 26. Bc7 Qe2 27. Rce1 Qa6 28. Bg3 Qc4 29. d5 a4 30. Qxa4 Nxa2 31. Qxc4 Rxc4 32. Rb1 f5 33. Bh4 Rf7 34. Rxb6 fxe4 35. Rc6 Rd4 36. Bf2 Rxd5 37. fxe4 Rb5 38. Rc2 Nb4 39. Rb2 Rf4 40. Rfb1 Rxe4 41. Be1 Nd3 42. Rxb5 Nxe1 43. Rd1 Nc2 44. Kf2 Nd4 45. Rb4 Rf4+ 46. Ke3 e5 47. Rb7 Nf5+ 48. Ke2 Re4+ 49. Kf2 Rf4+ 50. Kg1 Nd4 51. Re1 Rf5 52. Re7 h5 53. R1xe5 Rxe5 54. Rxe5 Kf7 55. Kf2 Kf6 56. Ra5 Nf5 57. Kf3 Nd4+ 58. Ke4 Nf5 59. Kf4 g5+ 60. Ke4 Nd6+ 61. Kd5 Nf7 62. Ra1 h4 63. Ke4 Nd6+ 64. Kf3 Nc4 65. Ra4 Ne5+ 66. Ke4 Ng4 67. Ra6+ Kg7 68. Kf5 Ne3+ 69. Kxg5 Nxg2 70. Ra7+ 1-0

[Event "POR-ch Blitz"]
[Site "Viseu"]
[Date "2022.06.11"]
[Round "4"]
[White "Pipiras, Filipa Fortuna"]
[Black "Sismeiro, Miguel"]
[Result "1-0"]
[WhiteElo "2139"]
[BlackElo "2169"]
[PlyCount "107"]
[EventDate "2022.06.11"]
[EventType "swiss (blitz)"]
[EventRounds "11"]
[EventCountry "POR"]
[SourceTitle "CBM 208 Extra"]
[Source "ChessBase"]
[SourceDate "2022.07.31"]
[SourceVersion "1"]
[SourceVersionDate "2022.07.31"]
[SourceQuality "1"]

1. d4 Nf6 2. Nf3 g6 3. g3 Bg7 4. Bg2 0-0 5. 0-0 d5 6. c4 c6 7. b3 a5 8. Bb2 Bf5 9. Nc3 Ne4 10. e3 Nxc3 11. Bxc3 Be4 12. Rc1 Nd7 13. Nd2 Bxg2 14. Kxg2 e5 15. cxd5 exd4 16. Bxd4 Bxd4 17. exd4 cxd5 18. Nf3 Qb6 19. Qd3 Rac8 20. Rfe1 Qb4 21. Rc2 Rxc2 22. Qxc2 Nf6 23. Re5 Re8 24. Rxe8+ Nxe8 25. Qc8 Kf8 26. Qd7 Nf6 27. Qd8+ Kg7 28. Qc7 Ne8 29. Qe5+ Nf6 30. g4 h6 31. h4 Qb6 32. g5 hxg5 33. hxg5 Kh7 34. Qxf6 Qxf6 35. gxf6 Kh6 36. Ne5 g5 37. Nxf7+ Kg6 38. Nd6 b6 39. Nc8 b5 40. Nb6 Kxf6 41. Nxd5+ Ke6 42. Nc3 b4 43. Ne2 Kd5 44. Kf3 Kc6 45. Ke4 Kb5 46. d5 a4 47. d6 Kc6 48. Ke5 a3 49. Nd4+ Kd7 50. Kd5 g4 51. Nf5 Kd8 52. Ke6 Ke8 53. d7+ Kd8 54. Nd6 1-0

[Event "POR-ch Rapid"]
[Site "Viseu"]
[Date "2022.06.11"]
[Round "5"]
[White "Santos, Tomas Afonso Pires"]
[Black "Sismeiro, Miguel"]
[Result "0-1"]
[WhiteElo "1592"]
[BlackElo "2169"]
[PlyCount "84"]
[EventDate "2022.06.10"]
[EventType "swiss (rapid)"]
[EventRounds "8"]
[EventCountry "POR"]
[SourceTitle "CBM 208 Extra"]
[Source "ChessBase"]
[SourceDate "2022.07.31"]
[SourceVersion "1"]
[SourceVersionDate "2022.07.31"]
[SourceQuality "1"]

1. e4 c6 2. d4 g6 3. Nc3 Bg7 4. Be3 d5 5. e5 f6 6. f4 Nh6 7. Qd2 Ng4 8. 0-0-0 0-0 9. Nf3 Nxe3 10. Qxe3 Bg4 11. Kb1 Nd7 12. h4 e6 13. Be2 Bh6 14. exf6 Qxf6 15. g3 Bxf3 16. Bxf3 Nb6 17. Be2 Rae8 18. Bd3 Kh8 19. Ne2 Nc8 20. Rdf1 Nd6 21. g4 Qd8 22. h5 g5 23. Qe5+ Bg7 24. Qxg5 Qxg5 25. fxg5 Rxf1+ 26. Rxf1 e5 27. h6 e4 28. hxg7+ Kxg7 29. Ng3 exd3 30. cxd3 Nb5 31. Rf4 Kg6 32. a4 Kxg5 33. Rf7 Nxd4 34. Rg7+ Kf4 35. Nh5+ Ke3 36. Rxh7 Kxd3 37. g5 Re1+ 38. Ka2 Nc2 39. Kb3 Nd4+ 40. Ka2 c5 41. g6 Nc2 42. b3 Kc3 0-1

[Event "POR-ch Rapid"]
[Site "Viseu"]
[Date "2022.06.11"]
[Round "6"]
[White "Sismeiro, Miguel"]
[Black "Martins, Bruno Andre Leite"]
[Result "0-1"]
[WhiteElo "2169"]
[BlackElo "2329"]
[PlyCount "56"]
[EventDate "2022.06.10"]
[EventType "swiss (rapid)"]
[EventRounds "8"]
[EventCountry "POR"]
[SourceTitle "CBM 208 Extra"]
[Source "ChessBase"]
[SourceDate "2022.07.31"]
[SourceVersion "1"]
[SourceVersionDate "2022.07.31"]
[SourceQuality "1"]

1. d4 Nf6 2. Nf3 d5 3. Bf4 c5 4. e3 e6 5. Nbd2 Nc6 6. Bb5 Bd6 7. dxc5 Bxc5 8. 0-0 0-0 9. c4 a6 10. Bxc6 bxc6 11. Ne5 Qb6 12. Nb3 Nd7 13. Rc1 Nxe5 14. Bxe5 Be7 15. cxd5 cxd5 16. Qd4 Qxd4 17. Nxd4 Re8 18. Rc7 f6 19. Nc6 Bf8 20. Bc3 Bd6 21. Ra7 Rxa7 22. Nxa7 Bd7 23. b4 Ra8 24. Bd4 Bb8 25. b5 axb5 26. Rc1 Bxa7 27. Rc7 Bxd4 28. Rxd7 Rxa2 0-1

[Event "Titled Tuesday intern op 07th Jun Late"]
[Site "Chess.com INT"]
[Date "2022.06.07"]
[Round "1"]
[White "Sismeiro, Miguel"]
[Black "Mickiewicz, Piotr"]
[Result "1/2-1/2"]
[WhiteElo "2169"]
[BlackElo "2284"]
[PlyCount "136"]
[EventDate "2022.06.07"]
[EventType "swiss (blitz)"]
[EventRounds "11"]
[EventCountry "USA"]
[SourceTitle "CBM 208 Extra"]
[Source "ChessBase"]
[SourceDate "2022.07.31"]
[SourceVersion "1"]
[SourceVersionDate "2022.07.31"]
[SourceQuality "1"]

1. c4 Nf6 2. Nf3 g6 3. g3 Bg7 4. Bg2 0-0 5. 0-0 d6 6. d4 Nc6 7. b3 e5 8. Bb2 e4 9. Ng5 Re8 10. Nc3 Bf5 11. e3 h6 12. Nh3 g5 13. Kh1 Bg4 14. Qb1 Qd7 15. Ng1 Bf5 16. a3 h5 17. Qd1 Ne7 18. f3 Ng6 19. fxe4 Nxe4 20. Nxe4 Bxe4 21. Bxe4 Rxe4 22. Qxh5 Rxe3 23. Qxg5 Rxb3 24. Qd2 Qc6+ 25. d5 Qxc4 26. Bxg7 Qe4+ 27. Qg2 Qxg2+ 28. Kxg2 Kxg7 29. Rfc1 Rc8 30. Nf3 Rb2+ 31. Kg1 Ne7 32. Rd1 Rb5 33. Rab1 Rxb1 34. Rxb1 b6 35. Rd1 c5 36. dxc6 Rxc6 37. Nd4 Rc5 38. Re1 Kf8 39. a4 Rc4 40. Nb5 Rxa4 41. Nxd6 Rd4 42. Nb5 Rd7 43. Ra1 a5 44. Rb1 Nc6 45. Nc3 Nb4 46. h4 Rd3 47. Ne2 Rd2 48. Kf2 Rd3 49. h5 Kg7 50. Nf4 Rc3 51. Ne2 Rc4 52. Kf3 f5 53. Nf4 Rc3+ 54. Kg2 Nd3 55. Ne6+ Kf6 56. Rxb6 Ke5 57. Ng7 Rc2+ 58. Kh3 Nf2+ 59. Kh4 Rc4+ 60. Kg5 Rg4+ 61. Kh6 Rxg3 62. Rb5+ Ke4 63. Nxf5 Ng4+ 64. Kh7 Nf6+ 65. Kh6 Ng8+ 66. Kh7 Nf6+ 67. Kh6 Ng8+ 68. Kh7 Nf6+ 1/2-1/2

[Event "Titled Tuesday intern op 31st May Early"]
[Site "Chess.com INT"]
[Date "2022.05.31"]
[Round "8"]
[White "Bodnaruk, Anastasia"]
[Black "Sismeiro, Miguel"]
[Result "0-1"]
[WhiteElo "2396"]
[BlackElo "2148"]
[PlyCount "42"]
[EventDate "2022.05.31"]
[EventType "swiss (blitz)"]
[EventRounds "11"]
[EventCountry "USA"]
[SourceTitle "CBM 208 Extra"]
[Source "ChessBase"]
[SourceDate "2022.07.31"]
[SourceVersion "1"]
[SourceVersionDate "2022.07.31"]
[SourceQuality "1"]

1. e4 g6 2. d4 Bg7 3. Nc3 d5 4. e5 c6 5. Nf3 Bg4 6. Be2 e6 7. 0-0 Ne7 8. h3 Bxf3 9. Bxf3 c5 10. Nb5 0-0 11. c3 a6 12. Nd6 Qd7 13. Be3 Nbc6 14. a4 cxd4 15. cxd4 f6 16. Qb3 Rab8 17. Qa3 fxe5 18. dxe5 Bxe5 19. Bc5 b6 20. Ne4 dxe4 21. Rfd1 Qc7 0-1

[Event "Titled Tuesday intern op 24th May Early"]
[Site "Chess.com INT"]
[Date "2022.05.24"]
[Round "1"]
[White "Sismeiro, Miguel"]
[Black "Itkis, Boris"]
[Result "0-1"]
[WhiteElo "2148"]
[BlackElo "2345"]
[PlyCount "112"]
[EventDate "2022.05.24"]
[EventType "swiss (blitz)"]
[EventRounds "11"]
[EventCountry "USA"]
[SourceTitle "EXT 2023"]
[Source "ChessBase"]
[SourceDate "2022.10.05"]
[SourceVersion "1"]
[SourceVersionDate "2022.10.05"]
[SourceQuality "1"]

1. Nf3 d5 2. b3 Nf6 3. Bb2 g6 4. e3 Bg7 5. c4 0-0 6. Be2 c6 7. 0-0 Nbd7 8. d4 Re8 9. Nbd2 b6 10. Qc2 Bb7 11. Rac1 Rc8 12. e4 dxe4 13. Nxe4 Nxe4 14. Qxe4 Nf6 15. Qh4 c5 16. d5 e6 17. d6 Ne4 18. Bxg7 Kxg7 19. Rfd1 Qxh4 20. Nxh4 Red8 21. Rd3 Rxd6 22. Rcd1 Rcd8 23. Nf3 Rxd3 24. Rxd3 Rxd3 25. Bxd3 Nc3 26. a3 Bxf3 27. gxf3 Kf6 28. f4 e5 29. fxe5+ Kxe5 30. Kg2 Kd4 31. Bf1 Ne4 32. b4 Nd2 33. bxc5 bxc5 34. Be2 Nxc4 35. a4 Nd6 36. Kg3 c4 37. Kf4 c3 38. Bd1 Kd3 39. Ke5 Ne4 40. f4 f5 41. a5 c2 42. Bxc2+ Kxc2 43. Kd5 Kd3 44. Kc6 Ke3 45. Kb7 Kxf4 46. Kxa7 Ke5 47. Kb6 f4 48. a6 Nd6 49. Kc6 Nc8 50. Kc7 Na7 51. Kb6 Kd6 52. Kxa7 Kc7 53. h4 f3 54. Ka8 f2 55. h5 f1Q 56. hxg6 Qxa6# 0-1

[Event "Titled Tuesday intern op 24th May Early"]
[Site "Chess.com INT"]
[Date "2022.05.24"]
[Round "4"]
[White "Sismeiro, Miguel"]
[Black "Mikhalsky, Vladimir"]
[Result "1-0"]
[WhiteElo "2148"]
[BlackElo "2269"]
[PlyCount "95"]
[EventDate "2022.05.24"]
[EventType "swiss (blitz)"]
[EventRounds "11"]
[EventCountry "USA"]
[SourceTitle "EXT 2023"]
[Source "ChessBase"]
[SourceDate "2022.10.05"]
[SourceVersion "1"]
[SourceVersionDate "2022.10.05"]
[SourceQuality "1"]

1. Nc3 c5 2. g3 Nc6 3. Bg2 g6 4. Nf3 Bg7 5. 0-0 e5 6. e4 Nge7 7. d3 d6 8. Nd2 0-0 9. Nc4 a6 10. a4 Nd4 11. a5 Be6 12. Nb6 Rb8 13. f4 f5 14. Be3 Kh8 15. fxe5 dxe5 16. Kh1 Nc8 17. Ncd5 Nd6 18. c3 f4 19. gxf4 exf4 20. Rxf4 Rxf4 21. Bxf4 Nc6 22. Qe1 Ne5 23. Qg3 Ndf7 24. d4 cxd4 25. cxd4 g5 26. Bxe5 Nxe5 27. dxe5 Bg8 28. Rf1 Qe8 29. Nf6 Qb5 30. Qxg5 Qxa5 31. Nbd5 Qb5 32. Nh5 Qd7 33. Ndf6 Qc7 34. Qxg7+ Qxg7 35. Nxg7 Kxg7 36. Rd1 Kg6 37. Rd7 Be6 38. Rc7 b5 39. Kg1 Rd8 40. Rc2 Bb3 41. Rc6 Rd1+ 42. Kf2 Rd2+ 43. Kg3 Rxb2 44. Ng4+ Kg7 45. Rc7+ Kg6 46. Ne3 Ba2 47. Bh3 Rb3 48. Bf5+ 1-0

[Event "Titled Tuesday intern op 17th May Late"]
[Site "Chess.com INT"]
[Date "2022.05.17"]
[Round "4"]
[White "Martin Barcelo, Carles"]
[Black "Sismeiro, Miguel"]
[Result "0-1"]
[WhiteElo "2221"]
[BlackElo "2148"]
[PlyCount "118"]
[EventDate "2022.05.17"]
[EventType "swiss (blitz)"]
[EventRounds "11"]
[EventCountry "USA"]
[SourceTitle "CBM 208 Extra"]
[Source "ChessBase"]
[SourceDate "2022.07.31"]
[SourceVersion "1"]
[SourceVersionDate "2022.07.31"]
[SourceQuality "1"]

1. e4 Nc6 2. Nf3 e5 3. Nc3 Nf6 4. g3 Bb4 5. d3 d5 6. exd5 Nxd5 7. Bd2 0-0 8. Bg2 Bxc3 9. bxc3 Nf6 10. 0-0 h6 11. Re1 Re8 12. Be3 Bf5 13. h3 Qd7 14. Kh2 b6 15. Nd2 Rad8 16. Qf3 e4 17. dxe4 Ng4+ 18. hxg4 Bxg4 19. Bh3 Bxh3 20. Kg1 Bg4 21. Qg2 Qe7 22. f3 Bc8 23. Nf1 Ne5 24. Rad1 Qa3 25. Rxd8 Rxd8 26. Bf4 Qxc3 27. Re3 Qa5 28. Bxe5 Qxe5 29. Rd3 Rxd3 30. cxd3 Qd4+ 31. Qf2 Qxd3 32. e5 Bb7 33. Kg2 Qc3 34. Qe2 Bd5 35. Nh2 Qc4 36. Qe3 Qxa2+ 37. Kh3 Be6+ 38. g4 Qb3 39. Qf4 h5 40. Kg3 hxg4 41. Nxg4 Bxg4 42. Qxg4 Qe6 43. Qe4 a5 44. f4 c6 45. f5 Qd5 46. Qf4 c5 47. f6 Qd3+ 48. Kf2 Qd4+ 49. Qxd4 cxd4 50. Ke2 gxf6 51. exf6 Kh7 52. Kd3 Kg6 53. Kxd4 Kxf6 54. Kc4 Ke5 55. Kb5 f5 56. Kxb6 a4 57. Ka5 a3 58. Kb4 a2 59. Kc4 a1Q 0-1